000 00758nam a2200241Ia 4500
003 OSt
005 20241108101531.0
008 210716s2004 xx 000 0 und d
020 _a9780321113085
040 _cAIMIT LIBRARY
041 _aeng
082 _a651.7
_21
_bBEHL
100 _aBehrens, Laurence.
_9184568
245 _aWriting and reading across the curriculum /
_cBy Laurence Behrens and Leonard J Rosen.
250 _a1st ed.
260 _aNew York :
_bPearson Longman ,
_c2004.
300 _axxvi,513p. ;
_bPB
_c24.2 cm
650 _aCritical reading and critique
_9184569
650 _aAn anthology of readings
_9184570
650 _aBusiness ethics
_9184571
700 _aRosen, Leonard J.
_9184572
942 _2ddc
_cBK
_e1st
_k651.7 BEHL
999 _c202934
_d202934